Oregon County Seats - Statistics

General Stats
  • This quiz has been taken 90 times
  • The average score is 23 of 36
Answer Stats
County County Seat % Correct
Multnomah Portland
98%
Lane Eugene
91%
Marion Salem
91%
Klamath Klamath Falls
89%
Hood River Hood River
87%
Tillamook Tillamook
87%
Clatsop Astoria
85%
Deschutes Bend
85%
Jackson Medford
85%
Baker Baker City
78%
Benton Corvallis
76%
Clackamas Oregon City
72%
Linn Albany
70%
Umatilla Pendleton
70%
Wasco The Dalles
70%
Washington Hillsboro
67%
Union La Grande
67%
Yamhill McMinnville
67%
Josephine Grants Pass
65%
Lincoln Newport
65%
Douglas Roseburg
63%
Columbia Saint Helens
63%
Lake Lakeview
61%
Harney Burns
59%
Crook Prineville
59%
Curry Gold Beach
57%
Polk Dallas
52%
Wallowa Enterprise
50%
Jefferson Madras
50%
Malheur Vale
48%
Wheeler Fossil
43%
Coos Coquille
39%
Gilliam Condon
37%
Morrow Heppner
35%
Sherman Moro
35%
Grant Canyon City
30%
No matching quizzes found
Score Distribution
Percent of People with Each Score
Percentile by Number Answered
Your Score History
You have not taken this quiz